000 00331nam a22001337a 4500
008 180925b xxu||||| |||| 00| 0 eng d
020 _a9781884350764
041 _aeng
080 _a610
100 _a3
101 _aSHM
245 _aPrescription Medicine Side Effects And Natural Alternatives
_cJAME.S
942 _2udc
_cBK
999 _c48428
_d48428